000 00385nam a2200157Ia 4500
003 Ost
005 20260225132559.0
008 260225s9999||||xx |||||||||||||| ||und||
040 _cfsic
041 _afre
082 _a347.1
100 _aMARIE -CLAUDE SMOUTS
_eAuteur
245 0 _aL'ONU et la guerre :
245 0 _bla diplomatie en kaki /
_cMARIE -CLAUDE SMOUTS
942 _cكتاب
999 _c34661
_d34661